00317nam a2200109Ia 4500008004100000082001700041100002000058245003500078260004100113630001800154650003500172211109s9999||||xx |||||||||||||| ||und|| a891.2bRAV-V aRavi Varma, L A 0aVakyapadya 3rd Khanda, Paet Ii bGovt PressaThiruvananthapuramc1942 xGeneral Stack aSanskrit LiteraturexGeneralia